=LDR 00000nam 2200000 4500 =001 INLIS000000000007986 =005 20130612095914 =008 ***********************************Ind** =035 ##$$0010-061300000007986 =041 ##$$a Ind =082 ##$$a 2x2.1 =090 ##$$a 2x2.1, Kha p =100 ##$$a Al-Khatib, M. Ajaj =245 ##$$a Pokok-poko ilmu hadits, M. Ajaj Al-Khaib ; penerjemah, H.M Qorirun Nur, Ahmad Musyafig =260 ##$$a 1988 $b Jakarta =300 ##$$a xxiii, 430 hlm =650 ##$$a Ilmu hadis